| 000 | 00581nam a2200217Ia 4500 | ||
|---|---|---|---|
| 005 | 20250122040312.0 | ||
| 008 | 240331s9999 xx 000 0 und d | ||
| 020 | _a1842777793 | ||
| 082 |
_bENG _25919 _a305.4 |
||
| 245 | 0 |
_aEngendering Human Society: _bFeminist Perspectives |
|
| 260 |
_aLondon _aNew York _bZed Books _c2006 |
||
| 260 |
_aNew Delhi _bWomen Unlimited _c2006 |
||
| 300 | _axxx, 332 p., | ||
| 650 | _aFeminism | ||
| 650 | _aSexuality | ||
| 650 | _aGender | ||
| 700 |
_aTruong, T. D _eedt |
||
| 700 |
_aWieringa, S _eedt |
||
| 700 |
_aChhachhi, A _eedt |
||
| 942 | _cL | ||
| 999 |
_c2528 _d2528 |
||